000
00360nam a2200169Ia 4500
008
221030s9999 xx 000 0 und d
020
_a
8176563080
041
_a
English
082
_a
105.23
_b
Syb
100
_a
Sybex
245
0
_a
HTML Complete
250
_a
2nd
260
_b
BPB Pub
_a
Delhi
_c
2006
300
_a
1010
650
_a
Computers
942
_c
BK
999
_c
3450
_d
3450